| 000 | 00352nam a2200109 4500 | ||
|---|---|---|---|
| 082 | _aKAZ | ||
| 100 | _aKazi, M.A | ||
| 245 | _aPresidential Address by Allama I I Kazi on Occassion of Extension Lecture onFaith and its Philosophical Implications on 11th Dec 1953. | ||
| 260 |
_aJamshoro: _bAllama I I Kazi Memorial, _c1990. |
||
| 300 | _a17p. ; | ||
| 942 | _cBK | ||
| 999 |
_c9874 _d9874 |
||